[Event "Senior DM 2015"]
[Site "Randers"]
[Date "2015.02.07"]
[Round "1.1"]
[White "Sloth, Jørn"]
[Black "Andersen, Carl Johan"]
[Result "1-0"]
[LiveChessVersion "1.4.4"]
[BlackElo "1822"]
[WhiteElo "2294"]

1. d4 {[%clk 1:30:48]} Nf6 {[%clk 1:31:05]} 2. c4 {[%clk 1:30:59]} e6
{[%clk 1:31:27]} 3. g3 {[%clk 1:31:21]} Bb4+ {[%clk 1:31:45]} 4. Bd2
{[%clk 1:31:10]} Qe7 {[%clk 1:32:01]} 5. Bg2 {[%clk 1:30:18]} Nc6
{[%clk 1:31:32]} 6. d5 {[%clk 1:26:32]} Ne5 {[%clk 1:31:11]} 7. Qb3
{[%clk 1:25:28]} Bxd2+ 8. Nxd2 {[%clk 1:25:49]} exd5 {[%clk 1:27:47]} 9. cxd5
{[%clk 1:26:01]} O-O 10. Nh3 {[%clk 1:14:02]} d6 {[%clk 1:27:09]} 11. O-O
{[%clk 1:09:45]} c5 {[%clk 1:20:52]} 12. dxc6 {[%clk 1:03:22]} bxc6
{[%clk 1:20:42]} 13. Rfe1 {[%clk 1:01:17]} d5 {[%clk 1:16:10]} 14. Nf4
{[%clk 0:43:11]} Bf5 {[%clk 1:13:35]} 15. e4 {[%clk 0:34:17]} Rab8
{[%clk 1:11:03]} 16. Qc3 {[%clk 0:32:19]} dxe4 {[%clk 1:00:44]} 17. Nxe4
{[%clk 0:32:08]} Rfe8 {[%clk 0:58:24]} 18. Nc5 {[%clk 0:28:21]} g5
{[%clk 0:56:18]} 19. Nfd3 {[%clk 0:24:37]} Ne4 {[%clk 0:51:12]} 20. Bxe4
{[%clk 0:20:13]} Bxe4 {[%clk 0:47:51]} 21. Rxe4 {[%clk 0:20:25]} Nf3+
{[%clk 0:36:57]} 22. Kg2 {[%clk 0:19:56]} Qd6 {[%clk 0:37:18]} 23. Kxf3
{[%clk 0:16:15]} Qd5 {[%clk 0:37:25]} 24. Qd4 {[%clk 0:13:49]} g4+
{[%clk 0:34:04]} 25. Kg2 {[%clk 0:13:44]} Rxe4 {[%clk 0:31:44]} 26. Qxe4
{[%clk 0:13:58]} 1-0

[Event "Senior DM 2015"]
[Site "Randers"]
[Date "2015.02.07"]
[Round "1.3"]
[White "Schleicher-Christensen, Jan"]
[Black "Grafmøller, Torben"]
[Result "1-0"]
[LiveChessVersion "1.4.4"]
[BlackElo "1787"]
[WhiteElo "2189"]

1. d4 {[%clk 1:30:51]} d5 {[%clk 1:30:42]} 2. c4 {[%clk 1:31:16]} e6
{[%clk 1:31:07]} 3. Nc3 {[%clk 1:31:41]} Nf6 {[%clk 1:31:31]} 4. cxd5
{[%clk 1:32:02]} exd5 {[%clk 1:31:10]} 5. Bg5 {[%clk 1:32:11]} Bb4
{[%clk 1:26:32]} 6. e3 {[%clk 1:30:55]} c6 {[%clk 1:25:40]} 7. Bd3
{[%clk 1:29:59]} Nbd7 {[%clk 1:21:16]} 8. Nf3 {[%clk 1:27:48]} Be7
{[%clk 1:21:22]} 9. Qc2 {[%clk 1:27:23]} h6 {[%clk 1:21:11]} 10. Bh4
{[%clk 1:26:25]} O-O {[%clk 1:18:56]} 11. O-O-O {[%clk 1:24:42]} c5
{[%clk 1:14:35]} 12. g4 {[%clk 1:21:58]} cxd4 {[%clk 1:06:33]} 13. exd4
{[%clk 1:20:45]} Nb6 {[%clk 1:06:34]} 14. h3 {[%clk 1:16:42]} Be6
{[%clk 1:04:27]} 15. g5 {[%clk 1:12:31]} hxg5 {[%clk 0:52:04]} 16. Nxg5
{[%clk 1:12:03]} Ne4 {[%clk 0:50:15]} 17. Nxe6 {[%clk 1:06:25]} fxe6
{[%clk 0:50:35]} 18. Bxe7 {[%clk 1:06:31]} Qxe7 {[%clk 0:50:57]} 19. Bxe4
{[%clk 1:05:48]} dxe4 {[%clk 0:48:19]} 20. Nxe4 {[%clk 1:04:45]} Rac8
{[%clk 0:46:50]} 21. Nc3 {[%clk 1:04:47]} Qh4 {[%clk 0:46:23]} 22. Rd2
{[%clk 1:01:02]} Nc4 {[%clk 0:42:44]} 23. Re2 {[%clk 1:00:32]} Qxd4
{[%clk 0:40:01]} 24. Rd1 {[%clk 0:57:42]} Qb6 {[%clk 0:37:30]} 25. Qb3
{[%clk 0:51:07]} Qxb3 {[%clk 0:32:28]} 26. axb3 {[%clk 0:51:27]} Na5
{[%clk 0:32:26]} 27. b4 {[%clk 0:48:07]} Nc6 {[%clk 0:30:14]} 28. b5
{[%clk 0:47:54]} Nd8 {[%clk 0:30:04]} 29. Kb1 {[%clk 0:47:51]} Rf3
{[%clk 0:27:28]} 30. h4 {[%clk 0:46:57]} Rf4 {[%clk 0:24:45]} 31. Rd7
{[%clk 0:46:06]} Rf7 {[%clk 0:23:04]} 32. Rd4 {[%clk 0:44:11]} Kf8
{[%clk 0:21:50]} 33. Red2 {[%clk 0:42:25]} Ke8 {[%clk 0:22:07]} 34. Ne4
{[%clk 0:42:34]} Rfc7 {[%clk 0:21:50]} 35. Nd6+ {[%clk 0:42:35]} 1-0

[Event "Senior DM 2015"]
[Site "Randers"]
[Date "2015.02.07"]
[Round "1.4"]
[White "Brautsch, Søren"]
[Black "Jensen, Bjarne"]
[Result "1-0"]
[LiveChessVersion "1.4.4"]
[BlackElo "1859"]
[WhiteElo "2230"]

1. d4 {[%clk 1:30:47]} d5 {[%clk 1:30:52]} 2. Nf3 {[%clk 1:31:04]} Nf6
{[%clk 1:31:10]} 3. Bg5 {[%clk 1:31:15]} Nbd7 {[%clk 1:30:31]} 4. Nbd2
{[%clk 1:31:12]} c6 {[%clk 1:30:14]} 5. e3 {[%clk 1:30:18]} e6 {[%clk 1:28:15]}
6. c3 {[%clk 1:29:35]} Be7 {[%clk 1:26:28]} 7. Bd3 {[%clk 1:29:39]} b6
{[%clk 1:22:25]} 8. O-O {[%clk 1:29:27]} Bb7 {[%clk 1:21:27]} 9. Ne5
{[%clk 1:21:56]} Nxe5 {[%clk 1:14:01]} 10. dxe5 {[%clk 1:22:13]} Nd7
{[%clk 1:14:19]} 11. Bxe7 {[%clk 1:22:17]} Qxe7 {[%clk 1:14:37]} 12. f4
{[%clk 1:22:31]} f5 {[%clk 1:08:03]} 13. exf6 {[%clk 1:20:08]} Nxf6
{[%clk 1:04:58]} 14. e4 {[%clk 1:16:44]} O-O-O {[%clk 0:52:06]} 15. Qe2
{[%clk 1:10:29]} g6 {[%clk 0:41:25]} 16. Rae1 {[%clk 1:07:21]} Rhe8
{[%clk 0:37:29]} 17. e5 {[%clk 1:00:21]} Nd7 {[%clk 0:31:59]} 18. Nf3
{[%clk 1:00:01]} Rf8 {[%clk 0:30:26]} 19. Nd4 {[%clk 0:59:29]} Nc5
{[%clk 0:29:05]} 20. b4 {[%clk 0:59:06]} Nxd3 {[%clk 0:27:32]} 21. Qxd3
{[%clk 0:59:31]} Kb8 {[%clk 0:24:57]} 22. Qh3 {[%clk 0:54:25]} Rde8
{[%clk 0:23:04]} 23. Rf2 {[%clk 0:53:50]} Qd7 {[%clk 0:20:50]} 24. a4
{[%clk 0:52:37]} Re7 {[%clk 0:15:55]} 25. Rb1 {[%clk 0:48:17]} Ba6
{[%clk 0:11:22]} 26. b5 {[%clk 0:44:49]} Bb7 {[%clk 0:11:16]} 27. bxc6
{[%clk 0:43:51]} Bxc6 {[%clk 0:11:39]} 28. a5 {[%clk 0:44:05]} b5
{[%clk 0:09:23]} 29. a6 {[%clk 0:43:18]} Ka8 {[%clk 0:09:30]} 30. Qd3
{[%clk 0:41:15]} Rb8 {[%clk 0:08:49]} 31. Rfb2 {[%clk 0:41:04]} Ree8
{[%clk 0:07:01]} 32. Nxb5 {[%clk 0:38:54]} Bxb5 {[%clk 0:07:10]} 33. Rxb5
{[%clk 0:39:19]} Rxb5 {[%clk 0:06:41]} 34. Qxb5 {[%clk 0:32:47]} Qxb5
{[%clk 0:06:58]} 35. Rxb5 {[%clk 0:33:11]} Rc8 {[%clk 0:06:29]} 36. Rb7
{[%clk 0:33:21]} Rxc3 {[%clk 0:05:55]} 37. Re7 {[%clk 0:33:32]} Kb8
{[%clk 0:03:41]} 38. Rxe6 {[%clk 0:33:25]} Kc7 {[%clk 0:03:33]} 39. Rd6
{[%clk 0:32:15]} Ra3 {[%clk 0:01:20]} 40. Kf2 {[%clk 1:01:42]} d4
{[%clk 0:30:35]} 41. g4 {[%clk 0:59:22]} d3 {[%clk 0:25:55]} 42. Ke3
{[%clk 0:56:11]} Ra1 {[%clk 0:23:48]} 43. Kxd3 {[%clk 0:55:38]} Rd1+
{[%clk 0:22:39]} 44. Ke4 {[%clk 0:55:54]} Rxd6 {[%clk 0:21:15]} 45. exd6+
{[%clk 0:56:16]} Kxd6 {[%clk 0:21:41]} 46. f5 1-0

[Event "Senior DM 2015"]
[Site "Randers"]
[Date "2015.02.07"]
[Round "1.5"]
[White "Marshall, Michael O."]
[Black "Pedersen, Jan Rode"]
[Result "1/2-1/2"]
[LiveChessVersion "1.4.4"]
[BlackElo "2218"]
[WhiteElo "1815"]

1. c4 {[%clk 1:30:55]} e5 {[%clk 1:30:41]} 2. g3 {[%clk 1:31:19]} Nc6
{[%clk 1:30:51]} 3. Nc3 {[%clk 1:30:09]} f5 {[%clk 1:30:56]} 4. Nf3
{[%clk 1:29:21]} Be7 {[%clk 1:23:51]} 5. d3 {[%clk 1:26:20]} Bb4 {[%clk 1:22:26]}
6. Bd2 {[%clk 1:22:49]} Nf6 {[%clk 1:21:29]} 7. Bg2 {[%clk 1:17:45]} d6
{[%clk 1:20:19]} 8. e3 {[%clk 1:02:36]} Bxc3 {[%clk 1:18:35]} 9. Bxc3
{[%clk 1:02:10]} O-O {[%clk 1:18:40]} 10. O-O {[%clk 0:58:39]} Qe8
{[%clk 1:13:50]} 11. Nd2 {[%clk 0:53:34]} Bd7 {[%clk 1:12:50]} 12. b4
{[%clk 0:50:22]} Rb8 {[%clk 1:10:52]} 13. b5 {[%clk 0:49:19]} Nd8
{[%clk 1:07:06]} 14. a4 {[%clk 0:42:06]} Qg6 {[%clk 1:05:09]} 15. f4
{[%clk 0:36:36]} Nf7 {[%clk 0:53:51]} 16. Rc1 {[%clk 0:34:28]} Rfe8
{[%clk 0:53:37]} 17. Nf3 {[%clk 0:28:00]} Ng4 {[%clk 0:52:54]} 18. Bd2
{[%clk 0:25:07]} c5 {[%clk 0:46:56]} 19. Qc2 {[%clk 0:23:54]} Qh5
{[%clk 0:44:58]} 20. Rce1 {[%clk 0:18:03]} e4 {[%clk 0:44:41]} 21. Nh4
{[%clk 0:17:44]} Nf6 {[%clk 0:36:25]} 22. Bc3 {[%clk 0:16:47]} exd3
{[%clk 0:35:22]} 23. Qxd3 {[%clk 0:16:54]} Ne4 {[%clk 0:35:45]} 24. Bb2
{[%clk 0:13:00]} Re7 {[%clk 0:30:13]} 25. Bf3 {[%clk 0:06:44]} Qh6
{[%clk 0:30:35]} 26. Qd5 {[%clk 0:06:29]} Qe6 {[%clk 0:22:01]} 27. Bxe4
{[%clk 0:05:39]} fxe4 {[%clk 0:21:16]} 28. Qxe6 {[%clk 0:04:18]} Bxe6
{[%clk 0:21:19]} 29. Rc1 {[%clk 0:04:12]} Rd8 {[%clk 0:19:23]} 30. f5
{[%clk 0:03:38]} Bc8 {[%clk 0:19:30]} 31. f6 {[%clk 0:03:56]} Ree8
{[%clk 0:19:09]} 32. fxg7 {[%clk 0:04:05]} Ne5 {[%clk 0:18:57]} 33. Bxe5
{[%clk 0:02:06]} Rxe5 {[%clk 0:18:57]} 34. Ng2 {[%clk 0:01:59]} Bh3
{[%clk 0:14:11]} 35. Rfd1 {[%clk 0:02:23]} Bxg2 {[%clk 0:13:11]} 36. Kxg2
{[%clk 0:02:51]} d5 {[%clk 0:13:31]} 37. cxd5 {[%clk 0:02:27]} Rexd5
{[%clk 0:12:42]} 38. Rxd5 {[%clk 0:01:41]} Rxd5 {[%clk 0:13:05]} 39. g4
{[%clk 0:01:01]} Kxg7 {[%clk 0:05:53]} 40. Kg3 {[%clk 0:31:09]} b6
{[%clk 0:36:16]} 41. Kf4 {[%clk 0:30:26]} Kf6 {[%clk 0:29:49]} 42. h4
{[%clk 0:28:42]} Rd2 {[%clk 0:28:07]} 43. Kxe4 {[%clk 0:28:01]} Rh2
{[%clk 0:22:22]} 44. h5 {[%clk 0:27:50]} Kg5 {[%clk 0:16:19]} 45. a5
{[%clk 0:20:35]} Rb2 {[%clk 0:14:53]} 46. axb6 {[%clk 0:19:59]} axb6
{[%clk 0:15:17]} 47. Kd5 {[%clk 0:19:10]} Rxb5 {[%clk 0:15:36]} 48. e4
{[%clk 0:15:09]} Rb4 {[%clk 0:08:38]} 49. Re1 {[%clk 0:14:03]} 1/2-1/2

[Event "Senior DM 2015"]
[Site "Randers"]
[Date "2015.02.07"]
[Round "1.6"]
[White "Kølbæk, Jens"]
[Black "Fjordside, Arne Dan"]
[Result "1-0"]
[LiveChessVersion "1.4.4"]
[BlackElo "1763"]
[WhiteElo "2197"]

1. e4 {[%clk 1:30:55]} e6 {[%clk 1:30:49]} 2. d4 {[%clk 1:30:49]} d5
{[%clk 1:31:11]} 3. Nd2 {[%clk 1:30:35]} Nf6 {[%clk 1:31:24]} 4. e5
{[%clk 1:30:38]} Nfd7 {[%clk 1:31:38]} 5. c3 {[%clk 1:29:14]} c5 {[%clk 1:31:47]}
6. Bd3 {[%clk 1:27:03]} Nc6 {[%clk 1:32:01]} 7. Ndf3 {[%clk 1:25:46]} Qb6
{[%clk 1:30:25]} 8. Ne2 {[%clk 1:25:50]} cxd4 {[%clk 1:30:18]} 9. cxd4
{[%clk 1:26:15]} f6 {[%clk 1:29:23]} 10. exf6 {[%clk 1:25:10]} Nxf6
{[%clk 1:29:36]} 11. O-O {[%clk 1:25:11]} Bd6 {[%clk 1:29:44]} 12. a3
{[%clk 1:21:46]} O-O {[%clk 1:28:35]} 13. Nc3 {[%clk 1:15:18]} a6
{[%clk 1:28:52]} 14. Bg5 {[%clk 1:05:53]} Bd7 {[%clk 1:28:26]} 15. Re1
{[%clk 0:57:39]} Rae8 {[%clk 1:16:49]} 16. Na4 {[%clk 0:54:10]} Qc7
{[%clk 1:15:34]} 17. Rc1 {[%clk 0:54:32]} Ng4 {[%clk 1:09:09]} 18. h3
{[%clk 0:48:19]} Bh2+ {[%clk 1:00:31]} 19. Kf1 {[%clk 0:48:39]} Nxf2
{[%clk 0:49:18]} 20. Qc2 {[%clk 0:39:03]} Nxd3 {[%clk 0:47:56]} 21. Qxd3
{[%clk 0:39:28]} Qg3 {[%clk 0:47:17]} 22. Nc5 {[%clk 0:38:16]} Qxg5
{[%clk 0:41:01]} 23. Nxd7 {[%clk 0:38:39]} Rf7 {[%clk 0:40:53]} 24. Rc3
{[%clk 0:32:46]} Qg3 {[%clk 0:35:30]} 25. Nde5 {[%clk 0:31:10]} Nxe5
{[%clk 0:34:49]} 26. Rxe5 {[%clk 0:30:09]} Rxf3+ {[%clk 0:33:29]} 27. Qxf3
{[%clk 0:28:33]} Qxf3+ {[%clk 0:33:16]} 28. gxf3 {[%clk 0:28:46]} Bxe5
{[%clk 0:33:31]} 29. dxe5 {[%clk 0:29:14]} Kf7 {[%clk 0:33:10]} 30. Ke2
{[%clk 0:27:59]} Re7 {[%clk 0:30:51]} 31. Kd3 {[%clk 0:25:55]} Kg6
{[%clk 0:31:03]} 32. b4 {[%clk 0:22:36]} Kf5 {[%clk 0:30:55]} 33. Kd4
{[%clk 0:22:52]} h5 {[%clk 0:23:02]} 34. a4 {[%clk 0:23:04]} g5 {[%clk 0:17:59]}
35. b5 {[%clk 0:23:26]} axb5 {[%clk 0:17:36]} 36. axb5 {[%clk 0:23:51]} Kg6
{[%clk 0:15:41]} 37. b6 {[%clk 0:23:35]} Kf7 {[%clk 0:15:52]} 38. Rc7
{[%clk 0:19:00]} Ke8 {[%clk 0:14:17]} 39. Rc8+ {[%clk 0:19:02]} Kd7
{[%clk 0:13:35]} 40. Rg8 {[%clk 0:49:01]} Kc6 {[%clk 0:33:16]} 41. Rxg5
{[%clk 0:49:21]} Kxb6 {[%clk 0:33:14]} 42. Rxh5 {[%clk 0:47:10]} Kc6
{[%clk 0:32:37]} 43. f4 {[%clk 0:39:20]} Rf7 {[%clk 0:27:53]} 44. f5
{[%clk 0:34:26]} Rxf5 {[%clk 0:23:58]} 45. Rxf5 {[%clk 0:34:49]} exf5
{[%clk 0:24:17]} 46. h4 {[%clk 0:35:18]} b5 {[%clk 0:15:27]} 47. h5
{[%clk 0:35:42]} b4 {[%clk 0:15:39]} 48. h6 {[%clk 0:36:01]} b3 {[%clk 0:15:20]}
49. h7 {[%clk 0:35:07]} b2 {[%clk 0:15:36]} 50. h8=Q {[%clk 0:35:29]} b1=Q
{[%clk 0:15:55]} 51. Qc8+ 1-0

[Event "Senior DM 2015"]
[Site "Randers"]
[Date "2015.02.07"]
[Round "1.7"]
[White "Laursen, Bjørn"]
[Black "Sørensen, Bent"]
[Result "0-1"]
[LiveChessVersion "1.4.4"]
[BlackElo "2196"]
[WhiteElo "1752"]

1. d4 {[%clk 1:30:40]} d5 {[%clk 1:30:41]} 2. Nc3 {[%clk 1:30:57]} e6
{[%clk 1:30:41]} 3. e4 {[%clk 1:31:11]} Bb4 {[%clk 1:30:55]} 4. e5
{[%clk 1:30:40]} c5 {[%clk 1:31:10]} 5. a3 {[%clk 1:30:54]} Bxc3+
{[%clk 1:31:40]} 6. bxc3 {[%clk 1:31:06]} Ne7 {[%clk 1:31:56]} 7. f4
{[%clk 1:30:47]} Bd7 {[%clk 1:31:29]} 8. Qg4 {[%clk 1:23:42]} Nbc6
{[%clk 1:27:57]} 9. Qxg7 {[%clk 1:22:12]} Rg8 {[%clk 1:28:14]} 10. Qxh7
{[%clk 1:22:36]} cxd4 {[%clk 1:27:53]} 11. Nf3 {[%clk 1:18:44]} Qa5
{[%clk 1:24:32]} 12. Qd3 {[%clk 1:18:40]} dxc3 {[%clk 1:23:44]} 13. Rb1
{[%clk 1:15:41]} O-O-O {[%clk 1:19:47]} 14. h4 {[%clk 1:03:09]} Rg3
{[%clk 1:06:57]} 15. h5 {[%clk 0:56:09]} Nf5 {[%clk 1:05:37]} 16. Qb5
{[%clk 0:55:09]} Qxb5 {[%clk 1:05:19]} 17. Rxb5 {[%clk 0:55:17]} Rh8
{[%clk 0:58:02]} 18. Kf2 {[%clk 0:45:57]} Rg7 {[%clk 0:56:08]} 19. Rh3
{[%clk 0:39:17]} b6 {[%clk 0:54:24]} 20. Rb3 {[%clk 0:37:23]} d4 {[%clk 0:52:57]}
21. Bd3 {[%clk 0:36:27]} Nh6 {[%clk 0:51:55]} 22. Ng5 {[%clk 0:30:39]} Rf8
{[%clk 0:49:07]} 23. Ne4 {[%clk 0:21:44]} Kc7 {[%clk 0:47:15]} 24. Nf6
{[%clk 0:21:19]} Ne7 {[%clk 0:42:36]} 25. Rb4 {[%clk 0:18:06]} Bc6
{[%clk 0:39:43]} 26. Rg3 {[%clk 0:15:36]} Rxg3 {[%clk 0:38:45]} 27. Kxg3
{[%clk 0:15:57]} a5 {[%clk 0:33:25]} 28. Rb1 {[%clk 0:13:58]} Nd5
{[%clk 0:32:27]} 29. f5 {[%clk 0:05:43]} Nxf6 {[%clk 0:30:18]} 30. exf6
{[%clk 0:05:14]} Rg8+ {[%clk 0:29:54]} 0-1

[Event "Senior DM 2015"]
[Site "Randers"]
[Date "2015.02.07"]
[Round "1.8"]
[White "Jørgensen, Jørgen"]
[Black "Pedersen, Kurt"]
[Result "1-0"]
[LiveChessVersion "1.4.4"]
[BlackElo "1727"]
[WhiteElo "2167"]

1. Nf3 {[%clk 1:30:54]} Nf6 {[%clk 1:30:39]} 2. c4 {[%clk 1:31:17]} b6
{[%clk 1:30:02]} 3. g3 {[%clk 1:30:54]} Bb7 {[%clk 1:30:21]} 4. Bg2
{[%clk 1:31:18]} e6 {[%clk 1:29:39]} 5. O-O {[%clk 1:31:38]} Be7 {[%clk 1:29:47]}
6. d4 {[%clk 1:29:35]} O-O {[%clk 1:27:05]} 7. Nc3 {[%clk 1:28:42]} Ne4
{[%clk 1:21:44]} 8. Qc2 {[%clk 1:27:57]} Nxc3 {[%clk 1:20:52]} 9. Qxc3
{[%clk 1:28:04]} c5 {[%clk 1:20:43]} 10. dxc5 {[%clk 1:19:25]} bxc5
{[%clk 1:18:40]} 11. Rd1 {[%clk 1:19:05]} Nc6 {[%clk 1:15:48]} 12. Be3
{[%clk 1:16:57]} Qc7 {[%clk 1:10:25]} 13. Rd2 {[%clk 1:08:06]} Rfd8
{[%clk 1:09:51]} 14. Rad1 {[%clk 1:07:56]} Bf6 {[%clk 1:09:11]} 15. Qc2
{[%clk 0:59:52]} d6 {[%clk 1:08:18]} 16. Ng5 {[%clk 0:46:09]} g6 {[%clk 1:00:46]}
17. Ne4 {[%clk 0:45:39]} Bd4 {[%clk 0:59:51]} 18. Bg5 {[%clk 0:44:02]} Nb4
{[%clk 0:46:54]} 19. Bxd8 {[%clk 0:41:21]} Rxd8 {[%clk 0:46:57]} 20. Qb3
{[%clk 0:39:01]} Nc6 {[%clk 0:37:48]} 21. e3 {[%clk 0:36:48]} d5 {[%clk 0:35:26]}
22. cxd5 {[%clk 0:34:10]} exd5 {[%clk 0:35:19]} 23. exd4 {[%clk 0:30:27]} dxe4
{[%clk 0:35:25]} 24. dxc5 {[%clk 0:27:35]} Rxd2 {[%clk 0:34:41]} 25. Rxd2
{[%clk 0:27:57]} Ne5 {[%clk 0:33:30]} 26. Qe3 {[%clk 0:22:43]} Nc4
{[%clk 0:31:03]} 27. Qf4 {[%clk 0:21:31]} Qa5 {[%clk 0:26:31]} 28. Rd7
{[%clk 0:19:00]} Qe1+ {[%clk 0:23:36]} 29. Bf1 {[%clk 0:19:27]} Ne5
{[%clk 0:23:27]} 30. Rd8+ {[%clk 0:19:05]} 1-0

[Event "Senior DM 2015"]
[Site "Randers"]
[Date "2015.02.07"]
[Round "1.9"]
[White "Nielsen, Peter"]
[Black "Hvenekilde, Jørgen"]
[Result "1/2-1/2"]
[LiveChessVersion "1.4.4"]
[BlackElo "2087"]
[WhiteElo "1721"]

1. e4 {[%clk 1:30:37]} g6 {[%clk 1:30:35]} 2. d4 {[%clk 1:30:45]} d6
{[%clk 1:30:50]} 3. g3 {[%clk 1:30:34]} Bg7 {[%clk 1:31:02]} 4. Bg2
{[%clk 1:30:15]} Nd7 {[%clk 1:30:20]} 5. Ne2 {[%clk 1:28:44]} e6 {[%clk 1:26:56]}
6. O-O {[%clk 1:26:46]} Ne7 {[%clk 1:27:06]} 7. c4 {[%clk 1:25:07]} b6
{[%clk 1:19:31]} 8. Nbc3 {[%clk 1:24:13]} Bb7 {[%clk 1:17:07]} 9. Be3
{[%clk 1:22:05]} a6 {[%clk 1:12:37]} 10. b4 {[%clk 1:18:33]} Rb8 {[%clk 1:10:21]}
11. Qd2 {[%clk 1:13:15]} h6 {[%clk 1:10:37]} 12. f4 {[%clk 1:12:15]} f5
{[%clk 1:08:57]} 13. d5 {[%clk 1:07:24]} e5 {[%clk 1:05:28]} 14. exf5
{[%clk 1:04:08]} Nxf5 {[%clk 1:02:52]} 15. Be4 {[%clk 1:00:07]} O-O
{[%clk 0:57:51]} 16. Rac1 {[%clk 0:54:57]} Kh7 {[%clk 0:44:48]} 17. Rf2
{[%clk 0:50:42]} Bc8 {[%clk 0:36:42]} 18. Rcf1 {[%clk 0:48:08]} Qe7
{[%clk 0:29:51]} 19. Qd3 {[%clk 0:43:37]} exf4 {[%clk 0:27:26]} 20. Bxf4
{[%clk 0:32:07]} Nf6 {[%clk 0:27:01]} 21. Bd2 {[%clk 0:24:34]} Nxe4
{[%clk 0:22:20]} 22. Nxe4 {[%clk 0:23:04]} Bd7 {[%clk 0:21:29]} 23. Bc3
{[%clk 0:21:17]} Rbe8 1/2-1/2

[Event "Senior DM 2015"]
[Site "Randers"]
[Date "2015.02.07"]
[Round "1.10"]
[White "Mostrup, Jørn"]
[Black "Larsen, Arne Walter"]
[Result "1-0"]
[LiveChessVersion "1.4.4"]
[BlackElo "1711"]
[WhiteElo "2060"]

1. Nf3 {[%clk 1:30:50]} Nf6 {[%clk 1:30:46]} 2. c4 {[%clk 1:31:18]} g6
{[%clk 1:30:55]} 3. d4 {[%clk 1:31:19]} c5 {[%clk 1:31:03]} 4. dxc5
{[%clk 1:31:05]} Na6 {[%clk 1:31:07]} 5. g3 {[%clk 1:30:02]} Bg7 {[%clk 1:30:44]}
6. Bg2 {[%clk 1:30:29]} Nxc5 {[%clk 1:30:26]} 7. O-O {[%clk 1:30:45]} O-O
{[%clk 1:30:42]} 8. Nc3 {[%clk 1:29:24]} d6 {[%clk 1:30:40]} 9. Re1
{[%clk 1:20:24]} a6 {[%clk 1:29:46]} 10. e4 {[%clk 1:17:36]} Nfd7
{[%clk 1:23:43]} 11. Qc2 {[%clk 1:15:55]} Rb8 {[%clk 1:21:40]} 12. a4
{[%clk 1:13:32]} Ne5 {[%clk 1:18:48]} 13. Nxe5 {[%clk 1:11:33]} Bxe5
{[%clk 1:14:37]} 14. Be3 {[%clk 1:07:55]} b6 {[%clk 1:11:20]} 15. Rad1
{[%clk 1:04:31]} Bg4 {[%clk 1:07:50]} 16. f3 {[%clk 0:56:17]} Bd7
{[%clk 1:02:56]} 17. b3 {[%clk 0:56:36]} h5 {[%clk 0:58:49]} 18. f4
{[%clk 0:51:58]} Bg7 {[%clk 0:52:10]} 19. Bf2 {[%clk 0:46:43]} Ne6
{[%clk 0:45:50]} 20. e5 {[%clk 0:42:51]} b5 {[%clk 0:38:33]} 21. axb5
{[%clk 0:39:31]} axb5 {[%clk 0:38:36]} 22. exd6 {[%clk 0:38:48]} bxc4
{[%clk 0:36:05]} 23. bxc4 {[%clk 0:38:05]} exd6 {[%clk 0:35:16]} 24. Rxd6
{[%clk 0:31:14]} Qc7 {[%clk 0:29:09]} 25. Red1 {[%clk 0:20:27]} Qxc4
{[%clk 0:28:22]} 26. Rxd7 {[%clk 0:20:06]} Qxc3 {[%clk 0:26:42]} 27. Qxc3
{[%clk 0:18:36]} Bxc3 {[%clk 0:26:56]} 28. Bh3 {[%clk 0:16:06]} Rfe8
{[%clk 0:24:17]} 29. Ba7 {[%clk 0:15:51]} Rbd8 {[%clk 0:22:10]} 30. Bxe6
{[%clk 0:16:05]} Rxd7 {[%clk 0:21:17]} 31. Bxd7 {[%clk 0:16:29]} 1-0